[Event "FSGM December 2011"]
[Site "Budapest HUN"]
[Date "2011.12.08"]
[Round "6"]
[White "Akesson,R"]
[Black "Keschitz,G"]
[Result "1-0"]
[WhiteTitle "GM"]
[BlackTitle "FM"]
[WhiteElo "2421"]
[BlackElo "2315"]
[WhiteFideId "1700120"]
[BlackFideId "702072"]
[EventDate "2011.12.03"]

1. d4 d6 2. Nf3 Nf6 3. c4 Nbd7 4. Nc3 e5 5. e4 c6 6. Be2 Be7 7. O-O O-O 8. Qc2
Qc7 9. Rd1 a6 10. Rb1 b5 11. b4 exd4 12. Nxd4 Ne5 13. cxb5 cxb5 14. Bg5 Bb7 15.
Rbc1 Bd8 16. Qb1 Qb6 17. h3 Rc8 18. Be3 Rxc3 19. Rxc3 Bxe4 20. Qc1 Nd5 21. Nxb5
Qb8 22. Rc8 Qb7 23. Nxd6 Qxb4 24. Nxe4 Qxe4 25. Rd4 Nf4 26. Rxe4 Nxe2+ 27. Kf1
Nxc1 28. Rxe5 1-0

[Event "FSGM December 2011"]
[Site "Budapest HUN"]
[Date "2011.12.08"]
[Round "6"]
[White "Mihok,O"]
[Black "Rodriguez Lopez,Ra"]
[Result "1-0"]
[WhiteTitle "IM"]
[BlackTitle "IM"]
[WhiteElo "2472"]
[BlackElo "2296"]
[WhiteFideId "728012"]
[BlackFideId "2204495"]
[EventDate "2011.12.03"]

1. e4 c5 2. Nf3 d6 3. d4 cxd4 4. Nxd4 Nf6 5. Nc3 a6 6. Be3 Nc6 7. f3 e5 8. Nb3
Be6 9. Qd2 d5 10. exd5 Nxd5 11. Nxd5 Qxd5 12. Qxd5 Bxd5 13. O-O-O O-O-O 14. Be2
Be7 15. Bb6 Rd6 16. Bc5 Rdd8 17. Bb6 Rd6 18. Bc5 Rdd8 19. c4 Be6 20. Bxe7 Nxe7
21. Nc5 Bf5 22. f4 exf4 23. Bf3 Nc6 24. Bxc6 bxc6 25. Rhe1 Rxd1+ 26. Kxd1 Rd8+
27. Kc1 Rd4 28. b3 a5 29. Re8+ Rd8 30. Re7 Bg6 31. Ra7 Kb8 32. Rxa5 Re8 33. Kd2
Kc7 34. b4 Rd8+ 35. Kc3 Re8 36. Ra7+ Kb8 37. Rb7+ Kc8 38. a4 Re3+ 39. Kd2 Bh5
40. a5 Re2+ 41. Kd3 Rxg2 42. a6 Ra2 43. a7 Ra3+ 44. Kd2 Ra2+ 45. Ke1 Ra1+ 46.
Kf2 Ra2+ 47. Kf1 Ra1+ 48. Kg2 Ra2+ 49. Kh3 Ra3+ 50. Kh4 f3 51. Kg3 1-0

[Event "FSGM December 2011"]
[Site "Budapest HUN"]
[Date "2011.12.08"]
[Round "6"]
[White "Antipov,M2"]
[Black "Czebe,A"]
[Result "1-0"]
[WhiteTitle "IM"]
[BlackTitle "GM"]
[WhiteElo "2428"]
[BlackElo "2503"]
[WhiteFideId "4107012"]
[BlackFideId "705268"]
[EventDate "2011.12.03"]

1. e4 c5 2. Nf3 e6 3. b3 b6 4. Bb2 Bb7 5. Qe2 Nf6 6. e5 Nd5 7. d3 Be7 8. c4 Nf4
9. Qe3 g5 10. Nbd2 Nc6 11. Ne4 Nb4 12. O-O-O Nxa2+ 13. Kb1 Nb4 14. Nf6+ Bxf6 15.
exf6 Rg8 16. h4 h6 17. hxg5 hxg5 18. Rh7 b5 19. Qxc5 Bxf3 1-0

[Event "FSGM December 2011"]
[Site "Budapest HUN"]
[Date "2011.12.08"]
[Round "6"]
[White "Kargin,A"]
[Black "Szablowski,P"]
[Result "0-1"]
[WhiteTitle "IM"]
[BlackTitle "IM"]
[WhiteElo "2411"]
[BlackElo "2433"]
[WhiteFideId "4135997"]
[BlackFideId "1118188"]
[EventDate "2011.12.03"]

1. e4 e6 2. d4 d5 3. Nc3 Nf6 4. e5 Nfd7 5. f4 c5 6. Nf3 Nc6 7. Be3 cxd4 8. Nxd4
Bc5 9. Qd2 O-O 10. g3 a6 11. Bg2 Nxd4 12. Bxd4 Bxd4 13. Qxd4 Nb8 14. O-O Nc6 15.
Qf2 Bd7 16. Rae1 Qc7 17. Kh1 Rac8 18. g4 Ne7 19. f5 exf5 20. gxf5 Bxf5 21. Bxd5
Be6 22. Bf3 Rfd8 23. Qg2 Ng6 24. Rg1 b5 25. Nd5 Qc5 26. Rd1 Rd7 27. b4 Qf8 28.
Nb6 Rxd1 29. Rxd1 Rd8 30. Nd5 Nxe5 31. Qg5 Ng6 32. Rd3 Kh8 33. Be4 h6 34. Qd2
Ne5 35. Rd4 Nc6 36. Rd3 Bxd5 37. Rxd5 Rxd5 38. Qxd5 Nxb4 39. Qf5 g6 40. Qf6+ Qg7
41. Qd8+ Kh7 42. a3 Na2 43. Qd6 Nc3 44. Bd3 a5 45. Qc7 Nd5 46. Qxa5 Ne3 47. h3
Qa1+ 0-1

[Event "FSGM December 2011"]
[Site "Budapest HUN"]
[Date "2011.12.09"]
[Round "7"]
[White "Szablowski,P"]
[Black "Simonian,H"]
[Result "1-0"]
[WhiteTitle "IM"]
[BlackTitle "GM"]
[WhiteElo "2433"]
[BlackElo "2468"]
[WhiteFideId "1118188"]
[BlackFideId "13302337"]
[EventDate "2011.12.03"]

1. e4 c6 2. d4 d5 3. f3 Qb6 4. a4 e6 5. Nc3 Nf6 6. e5 Nfd7 7. f4 c5 8. a5 Qd8 9.
Nf3 Nc6 10. Be3 Be7 11. Qd2 O-O 12. Bd3 f5 13. exf6 Bxf6 14. Be2 cxd4 15. Nxd4
Bxd4 16. Bxd4 e5 17. Bxe5 Ndxe5 18. fxe5 d4 19. Nb5 a6 20. Nd6 Nxe5 21. Qxd4 Qg5
22. Qd5+ Kh8 23. Nc4 Rf5 24. Nxe5 Rxe5 25. O-O Bh3 26. Qxb7 Bxg2 27. Qxg2 Qxg2+
28. Kxg2 Rxe2+ 29. Rf2 Re6 30. b4 Rc8 31. Rd1 h6 32. Rd3 Re4 33. c3 Rc6 34. Rg3
Kg8 35. Rd2 Re7 36. Kf2 Rec7 37. Rdd3 Kh7 38. Ke2 g5 39. Kd2 Kg6 40. h4 Kh5 41.
hxg5 hxg5 42. Rd8 Kh4 43. Rg1 g4 44. Rh8+ Kg5 45. Rg8+ Kf5 46. Rf1+ Ke6 47. Re8+
Kd7 48. Re3 Rg6 49. Rf7+ Kc6 50. Rxc7+ Kxc7 51. Rg3 Kd6 52. Kd3 Kd5 53. c4+ Kc6
54. Ke4 Rg8 55. Kf4 Rb8 56. Rb3 Rd8 57. b5+ Kc5 58. b6 Kxc4 59. Rb1 Rg8 60. b7
Rb8 61. Kxg4 Kd5 62. Rb6 Ke5 63. Kg5 Rg8+ 64. Kh6 1-0

[Event "FSGM December 2011"]
[Site "Budapest HUN"]
[Date "2011.12.09"]
[Round "7"]
[White "Czebe,A"]
[Black "Kargin,A"]
[Result "1/2-1/2"]
[WhiteTitle "GM"]
[BlackTitle "IM"]
[WhiteElo "2503"]
[BlackElo "2411"]
[WhiteFideId "705268"]
[BlackFideId "4135997"]
[EventDate "2011.12.03"]

1. Nf3 Nf6 2. g3 d5 3. Bg2 c6 4. c4 dxc4 5. O-O Be6 6. Qc2 g6 7. Ng5 Bd5 8. e4
h6 9. Nh3 Be6 10. Nf4 Bg4 11. e5 g5 12. Ng6 fxg6 13. Qxg6+ Kd7 14. exf6 exf6 15.
b3 Kc7 16. Bb2 Nd7 17. Re1 Bd6 18. h3 Rg8 19. Qc2 Bh5 20. Na3 Ne5 21. Nxc4 Bg6
22. Qc3 Nd3 23. Re6 Bb4 24. Qxf6 Qxf6 25. Bxf6 Rae8 26. Rxe8 Rxe8 27. Bg7 b5 28.
Ne3 Bxd2 29. Bxh6 Nxf2 30. Nf1 Bc3 31. Rc1 b4 1/2-1/2

[Event "FSGM December 2011"]
[Site "Budapest HUN"]
[Date "2011.12.09"]
[Round "7"]
[White "Rodriguez Lopez,Ra"]
[Black "Antipov,M2"]
[Result "0-1"]
[WhiteTitle "IM"]
[BlackTitle "IM"]
[WhiteElo "2296"]
[BlackElo "2428"]
[WhiteFideId "2204495"]
[BlackFideId "4107012"]
[EventDate "2011.12.03"]

1. Nf3 Nf6 2. g3 d5 3. Bg2 c6 4. O-O Bg4 5. d4 Nbd7 6. b3 e6 7. c4 Be7 8. Bb2
O-O 9. Nc3 Qc7 10. Rc1 Rad8 11. e3 Qb8 12. Qc2 Bf5 13. Qe2 Ne4 14. Nd2 Nxd2 15.
Qxd2 Rfe8 16. Rfd1 Nf6 17. Qe2 Bg4 18. Bf3 Bxf3 19. Qxf3 Bb4 20. Ne2 Ne4 21. Nf4
Bd6 22. Nd3 Qc7 23. Bc3 Qe7 24. Rc2 Rf8 25. Ba5 Rde8 26. Qe2 f5 27. Kg2 g5 28.
f3 Nf6 29. Qf2 g4 30. f4 Ne4 31. Qe1 Rf6 32. Bb4 Bxb4 33. Qxb4 Qxb4 34. Nxb4 Rh6
35. Nd3 Rh3 36. Nf2 Nxf2 37. Rxf2 h5 38. Kf1 h4 39. Rg2 Kf7 40. Ke2 Rh8 41. Kd3
hxg3 42. hxg3 Rh2 43. Rxh2 Rxh2 44. Rd2 Rh1 45. Rg2 Ke7 46. Kc3 b6 47. Kd3 Kd6
48. Kc3 c5 49. Kd3 a5 50. Kc3 cxd4+ 51. exd4 Rf1 52. Rd2 Rc1+ 53. Rc2 Rg1 0-1

[Event "FSGM December 2011"]
[Site "Budapest HUN"]
[Date "2011.12.09"]
[Round "7"]
[White "Keschitz,G"]
[Black "Mihok,O"]
[Result "0-1"]
[WhiteTitle "FM"]
[BlackTitle "IM"]
[WhiteElo "2315"]
[BlackElo "2472"]
[WhiteFideId "702072"]
[BlackFideId "728012"]
[EventDate "2011.12.03"]

1. Nf3 c5 2. g3 Nc6 3. Bg2 g6 4. O-O Bg7 5. d3 e5 6. c3 Nge7 7. a4 O-O 8. Na3 h6
9. e4 d6 10. Bd2 Be6 11. b4 f5 12. bxc5 dxc5 13. exf5 gxf5 14. Qc2 Qd7 15. Rad1
Rad8 16. Be3 b6 17. Bc1 Na5 18. c4 Nac6 19. Bb2 Ng6 20. Qb3 f4 21. Qb5 e4 22.
Nh4 Nxh4 23. Bxg7 f3 24. Bxf8 fxg2 25. Rfe1 Nd4 0-1

[Event "FSGM December 2011"]
[Site "Budapest HUN"]
[Date "2011.12.09"]
[Round "7"]
[White "Kislik,E"]
[Black "Akesson,R"]
[Result "1/2-1/2"]
[WhiteTitle "FM"]
[BlackTitle "GM"]
[WhiteElo "2371"]
[BlackElo "2421"]
[WhiteFideId "2022702"]
[BlackFideId "1700120"]
[EventDate "2011.12.03"]

1. e4 e5 2. Nf3 Nc6 3. Nc3 Nf6 4. Bb5 Bb4 5. O-O O-O 6. d3 d6 7. Bg5 Bxc3 8.
bxc3 Qe7 9. Re1 Nd8 10. d4 Ne6 11. Bc1 c6 12. Bd3 Qc7 13. a4 Re8 14. Ba3 c5 15.
d5 1/2-1/2

[Event "FSGM December 2011"]
[Site "Budapest HUN"]
[Date "2011.12.10"]
[Round "8"]
[White "Mihok,O"]
[Black "Kislik,E"]
[Result "1/2-1/2"]
[WhiteTitle "IM"]
[BlackTitle "FM"]
[WhiteElo "2472"]
[BlackElo "2371"]
[WhiteFideId "728012"]
[BlackFideId "2022702"]
[EventDate "2011.12.03"]

1. e4 c5 2. Nf3 d6 3. d4 cxd4 4. Nxd4 Nf6 5. Nc3 a6 6. Be3 e5 7. Nb3 Be6 8. Qd2
Nbd7 9. O-O-O Be7 10. f4 Ng4 11. g3 Nxe3 12. Qxe3 b5 13. Kb1 Qb6 14. Qe1 Nf6 15.
f5 Bd7 16. g4 h6 17. h4 Bc6 18. Bh3 b4 19. Nd5 Bxd5 20. exd5 Nd7 21. Nd2 a5 22.
Qg3 f6 23. g5 fxg5 24. f6 Bxf6 25. hxg5 hxg5 26. Ne4 Ke7 27. Nxg5 Nc5 28. Ne6
Ne4 29. Qg6 Nc3+ 30. Ka1 Nxd1 31. Nxg7 Ne3 32. Nh5 Nxc2+ 33. Kb1 Na3+ 34. Ka1
Nc2+ 35. Kb1 Rxh5 36. Qxh5 Na3+ 37. Ka1 Rg8 38. Rf1 Nc2+ 39. Kb1 Na3+ 1/2-1/2

[Event "FSGM December 2011"]
[Site "Budapest HUN"]
[Date "2011.12.10"]
[Round "8"]
[White "Antipov,M2"]
[Black "Keschitz,G"]
[Result "1-0"]
[WhiteTitle "IM"]
[BlackTitle "FM"]
[WhiteElo "2428"]
[BlackElo "2315"]
[WhiteFideId "4107012"]
[BlackFideId "702072"]
[EventDate "2011.12.03"]

1. e4 c5 2. Nf3 Nc6 3. d4 cxd4 4. Nxd4 g6 5. c4 Bg7 6. Be3 Nf6 7. Nc3 O-O 8. Be2
d6 9. O-O Bd7 10. Qd2 a6 11. f3 Qb8 12. Nb3 Be6 13. Nd5 Nd7 14. Rac1 a5 15. Na1
a4 16. Rb1 Qd8 17. Nc2 Qa5 18. Qd1 Bxd5 19. cxd5 Nb4 20. Na3 Nxa2 21. Ra1 Nb4
22. Nc4 Qc7 23. Rxa4 Na6 24. Ra2 Nac5 25. Rxa8 Rxa8 26. b4 Na4 27. Qb3 Nc3 28.
Bd3 b5 29. Na3 Qb7 30. Nb1 Na2 31. Rf2 Qa6 32. Rc2 Qa4 33. Qxa4 Rxa4 34. Bxb5
Rxb4 35. Na3 Bb2 36. Bxd7 Bxa3 37. Rxa2 1-0

[Event "FSGM December 2011"]
[Site "Budapest HUN"]
[Date "2011.12.10"]
[Round "8"]
[White "Kargin,A"]
[Black "Rodriguez Lopez,Ra"]
[Result "1/2-1/2"]
[WhiteTitle "IM"]
[BlackTitle "IM"]
[WhiteElo "2411"]
[BlackElo "2296"]
[WhiteFideId "4135997"]
[BlackFideId "2204495"]
[EventDate "2011.12.03"]

1. e4 c5 2. Nf3 d6 3. d4 cxd4 4. Nxd4 Nf6 5. Nc3 a6 6. Be3 Nc6 7. f3 e5 8. Nb3
Be6 9. Qe2 Be7 10. O-O-O O-O 11. Kb1 Na5 12. Qf2 Nc4 13. Bxc4 Bxc4 14. Bb6 Qc8
15. Na5 Be6 16. g4 Kh8 17. Rd3 Nd7 18. Na4 Bd8 19. Rxd6 Nxb6 20. Nxb6 Qc7 21.
Qd2 Rb8 22. Rd1 Be7 23. c4 Bxd6 24. Qxd6 Qxd6 25. Rxd6 Rfd8 26. c5 Rxd6 27. cxd6
Rd8 28. Nxb7 Rb8 29. d7 Bxd7 30. Nxd7 Rxb7 31. Nxe5 f6 32. Nc4 Rc7 33. b3 Kg8
34. Kc2 Kf7 35. Kd3 g5 36. b4 Ke6 37. a4 Rd7+ 38. Kc3 Rd1 39. b5 axb5 40. axb5
Rb1 41. b6 Kd7 42. Kd4 Rf1 43. Ke3 Kc6 44. e5 fxe5 45. Nxe5+ Kxb6 46. Nf7 Rh1
47. Nxg5 Rxh2 48. Kf4 1/2-1/2

[Event "FSGM December 2011"]
[Site "Budapest HUN"]
[Date "2011.12.10"]
[Round "8"]
[White "Szablowski,P"]
[Black "Czebe,A"]
[Result "1-0"]
[WhiteTitle "IM"]
[BlackTitle "GM"]
[WhiteElo "2433"]
[BlackElo "2503"]
[WhiteFideId "1118188"]
[BlackFideId "705268"]
[EventDate "2011.12.03"]

1. e4 e5 2. Nf3 d6 3. d4 Qe7 4. Nc3 c6 5. Bg5 Qc7 6. Bc4 Bg4 7. h3 Bxf3 8. Qxf3
exd4 9. Ne2 h6 10. Bh4 g5 11. Bg3 Bg7 12. Bxd6 1-0

[Event "FSFMA December 2011"]
[Site "Budapest HUN"]
[Date "2011.12.03"]
[Round "1"]
[White "Farkas,R"]
[Black "Dancs,Z"]
[Result "1/2-1/2"]
[WhiteElo "2111"]
[BlackElo "2114"]
[WhiteFideId "703850"]
[BlackFideId "707805"]
[EventDate "2011.12.03"]

1. e4 c5 2. Nf3 d6 3. c3 Nf6 4. Be2 Nc6 5. d3 g6 6. O-O Bg7 7. Na3 O-O 8. Nc4 d5
9. Ncd2 e5 10. Qc2 b6 11. a3 a5 12. Rd1 Qe7 13. Nf1 h6 14. Ne3 Be6 15. c4 dxe4
16. dxe4 Nd4 17. Nxd4 exd4 18. Nd5 Bxd5 19. exd5 Rfe8 20. Bd3 Nd7 21. Bf4 Be5
22. Re1 Qd6 23. Bxe5 Nxe5 24. Re2 Re7 25. Rae1 Rae8 26. h3 Nxd3 27. Qxd3 1/2-1/2

[Event "FSFMA December 2011"]
[Site "Budapest HUN"]
[Date "2011.12.03"]
[Round "1"]
[White "Zala,G"]
[Black "Kozak,Adam"]
[Result "0-1"]
[WhiteElo "1999"]
[BlackElo "1864"]
[WhiteFideId "707058"]
[BlackFideId "753246"]
[EventDate "2011.12.03"]

1. e4 c5 2. a3 g6 3. h4 Nc6 4. b4 Bg7 5. c3 Nf6 6. b5 Nb8 7. d3 d6 8. Be2 h5 9.
Ra2 c4 10. d4 Nxe4 11. Bxc4 Bf5 12. Bd3 Qc7 13. Ne2 Be6 14. Rb2 Nf6 15. Nd2 O-O
16. c4 Ng4 17. Rb4 Nd7 18. Ne4 Nb6 19. f3 Nf6 20. d5 Bd7 21. Be3 e6 22. Bf4 Nxe4
23. fxe4 exd5 24. exd5 Bg4 25. Be3 Rfe8 26. Bf2 Qe7 27. O-O Bxe2 28. Qc1 Bxf1
29. Qxf1 Nd7 0-1

[Event "FSFMA December 2011"]
[Site "Budapest HUN"]
[Date "2011.12.03"]
[Round "1"]
[White "Laza,S"]
[Black "Mester,A"]
[Result "0-1"]
[WhiteElo "1869"]
[BlackElo "2084"]
[WhiteFideId "741345"]
[BlackFideId "725587"]
[EventDate "2011.12.03"]

1. d4 Nf6 2. c4 e6 3. Nf3 c5 4. d5 exd5 5. cxd5 d6 6. h3 g6 7. Nc3 a6 8. a4 Qe7
9. Bg5 Bg7 10. e4 h6 11. Bxf6 Bxf6 12. Bd3 O-O 13. O-O Nd7 14. Re1 Rb8 15. a5 b5
16. axb6 Rxb6 17. Qe2 Ne5 18. Nxe5 Bxe5 19. Bxa6 Bd7 20. Bd3 Qg5 21. Kh1 Qh4 22.
Qd2 Bxh3 23. g3 Qh5 24. Be2 Bg4+ 25. Kg1 Bd4 26. Bxg4 Qxg4 27. Qe2 Qxg3+ 28. Kf1
Qh3+ 29. Kg1 Be5 30. f3 Bd4+ 0-1

[Event "FSFMA December 2011"]
[Site "Budapest HUN"]
[Date "2011.12.03"]
[Round "1"]
[White "Koczo,K"]
[Black "Zilahi,G"]
[Result "1-0"]
[WhiteElo "2147"]
[BlackElo "2007"]
[WhiteFideId "723460"]
[BlackFideId "708941"]
[EventDate "2011.12.03"]

1. d4 d5 2. c4 c6 3. Nf3 Nf6 4. Nc3 a6 5. c5 g6 6. Bf4 Bg7 7. e3 O-O 8. h3 Re8
9. Be2 Nfd7 10. Ne5 Nxe5 11. Bxe5 f6 12. Bh2 e5 13. O-O Nd7 14. b4 b5 15. cxb6
Nxb6 16. e4 exd4 17. Qxd4 f5 18. e5 Nd7 19. f4 Nf8 20. Na4 Ne6 21. Qb6 Qe7 22.
Rac1 Bd7 23. Nc5 Reb8 24. Qa5 Bf8 25. Nxe6 Qxe6 26. a3 Be7 27. Kh1 Bd8 28. Qc5
Kg7 29. Bg1 a5 30. Qc3 axb4 31. axb4 h5 32. Ra1 Kh6 33. Be3 Be7 34. Bc5 Qf7 35.
Rxa8 Rxa8 36. Ra1 Rxa1+ 37. Qxa1 Bxc5 38. bxc5 Be6 39. Qa8 Qd7 40. Ba6 Kg7 41.
Kg1 d4 42. Qb7 Qxb7 43. Bxb7 Bd5 44. g3 h4 45. gxh4 Kh6 46. Bc8 Kg7 47. Kf2 Be4
48. Ke2 Kf7 49. Kd2 Ke7 50. Ba6 Ke6 51. Bc4+ Ke7 52. h5 gxh5 53. h4 Kd7 54. Bf7 1-0

[Event "FSFMA December 2011"]
[Site "Budapest HUN"]
[Date "2011.12.03"]
[Round "1"]
[White "Letay,G"]
[Black "Juracsik,J"]
[Result "1/2-1/2"]
[WhiteTitle "FM"]
[WhiteElo "2029"]
[BlackElo "2172"]
[WhiteFideId "701360"]
[BlackFideId "703982"]
[EventDate "2011.12.03"]

1. e4 c5 2. Nc3 Nc6 3. g3 g6 4. Bg2 Bg7 5. d3 d6 6. Be3 e5 7. Qd2 Nd4 8. Nce2
Nf6 9. h3 d5 10. Nc1 h6 11. c3 Ne6 12. f3 d4 13. Bf2 h5 14. Nge2 h4 15. g4 g5
16. O-O Bf8 17. Nb3 a5 18. a4 Qb6 19. Qc2 Be7 20. Rfc1 O-O 1/2-1/2

[Event "FSFMA December 2011"]
[Site "Budapest HUN"]
[Date "2011.12.03"]
[Round "1"]
[White "Gupta,B"]
[Black "Gal,Han"]
[Result "1/2-1/2"]
[WhiteElo "1998"]
[BlackElo "1924"]
[WhiteFideId "5086310"]
[BlackFideId "711861"]
[EventDate "2011.12.03"]

1. e4 c5 2. c3 e6 3. d4 d5 4. exd5 exd5 5. Nf3 Bd6 6. Bd3 Nf6 7. O-O O-O 8. dxc5
Bxc5 9. h3 Nc6 10. Nbd2 Bb6 11. Nb3 a6 12. Bg5 h6 13. Bh4 Qd6 14. Kh1 Re8 15.
Re1 Rxe1+ 16. Qxe1 Bd7 17. Qd2 Nh5 18. g4 Nf4 19. Bg3 Bc7 20. Bxf4 Qxf4 21. Qxf4
Bxf4 22. Nc5 Bc8 23. Re1 Kf8 24. Bc2 Bd6 25. Nb3 h5 26. Bf5 Bxf5 27. gxf5 Re8
28. Rd1 Re2 29. Rxd5 Rxf2 30. Rxd6 Rxf3 31. Nc5 Rxf5 32. Nxb7 Na5 33. Nxa5 Rxa5
34. a3 Ke7 35. Rd4 Ke6 36. Kg2 Rd5 37. Rxd5 Kxd5 38. b4 Kc4 39. a4 g5 40. Kf3 f5
41. a5 h4 42. Ke3 g4 43. hxg4 fxg4 44. Kf4 g3 45. Kf3 Kb5 1/2-1/2

[Event "FSFMA December 2011"]
[Site "Budapest HUN"]
[Date "2011.12.04"]
[Round "2"]
[White "Dancs,Z"]
[Black "Gal,Han"]
[Result "1-0"]
[WhiteElo "2114"]
[BlackElo "1924"]
[WhiteFideId "707805"]
[BlackFideId "711861"]
[EventDate "2011.12.03"]

1. e4 e6 2. Nf3 d5 3. Nc3 Nf6 4. exd5 exd5 5. d4 a6 6. Bd3 Be7 7. h3 O-O 8. O-O
h6 9. Be3 Nbd7 10. Qd2 c5 11. Bxh6 gxh6 12. Qxh6 c4 13. Bf5 Nb6 14. Nh4 Re8 15.
Rae1 Bxf5 16. Nxf5 Bf8 17. Qg5+ Kh8 18. Nh6 Bxh6 19. Qxh6+ Kg8 20. Re3 Rxe3 21.
fxe3 Nh7 22. Rf4 f5 23. Rxf5 Rc8 24. Qg6+ Kh8 25. Rf7 Qg8 26. Qh5 Re8 27. Rxh7+ 1-0

[Event "FSFMA December 2011"]
[Site "Budapest HUN"]
[Date "2011.12.04"]
[Round "2"]
[White "Juracsik,J"]
[Black "Gupta,B"]
[Result "1-0"]
[WhiteElo "2172"]
[BlackElo "1998"]
[WhiteFideId "703982"]
[BlackFideId "5086310"]
[EventDate "2011.12.03"]

1. e4 e6 2. d4 d5 3. Nc3 Bb4 4. e5 c5 5. a3 Bxc3+ 6. bxc3 Ne7 7. Nf3 Qa5 8. Bd2
Nbc6 9. a4 Bd7 10. c4 Qc7 11. c3 dxc4 12. Bxc4 cxd4 13. O-O Nxe5 14. Nxe5 Qxe5
15. Qb3 Rc8 16. Rfc1 b6 17. cxd4 Qxd4 18. Bb4 Qf6 19. Qa3 a5 20. Bd6 Nf5 21. Bb5
Nxd6 22. Qxd6 Qd8 23. Qxd7+ Qxd7 24. Rxc8+ Ke7 25. Bxd7 1-0

[Event "FSFMA December 2011"]
[Site "Budapest HUN"]
[Date "2011.12.04"]
[Round "2"]
[White "Mester,A"]
[Black "Koczo,K"]
[Result "1-0"]
[WhiteElo "2084"]
[BlackElo "2147"]
[WhiteFideId "725587"]
[BlackFideId "723460"]
[EventDate "2011.12.03"]

1. e4 c6 2. d4 d5 3. e5 e6 4. c3 b6 5. Bd3 Ba6 6. Bc2 Ne7 7. Ne2 Nd7 8. O-O Qc7
9. Re1 Rc8 10. Nd2 g6 11. Nf3 h5 12. Bg5 Nf5 13. Rc1 Be7 14. Bxe7 Kxe7 15. Qd2
Rcg8 16. h4 Qd8 17. Bxf5 gxf5 18. Ng5 Nf8 19. Nf4 Ng6 20. g3 Nxf4 21. Qxf4 Qf8
22. b3 Qg7 23. c4 Rc8 24. cxd5 cxd5 25. Qd2 Qf8 26. Qb4+ Kd8 27. Qa4 Bb7 28.
Qxa7 Qe7 29. Qxb6+ Ke8 30. Rxc8+ Bxc8 31. Rc1 1-0

[Event "FSFMA December 2011"]
[Site "Budapest HUN"]
[Date "2011.12.04"]
[Round "2"]
[White "Kozak,Adam"]
[Black "Laza,S"]
[Result "1-0"]
[WhiteElo "1864"]
[BlackElo "1869"]
[WhiteFideId "753246"]
[BlackFideId "741345"]
[EventDate "2011.12.03"]

1. d4 d5 2. Nf3 Nf6 3. c4 c6 4. Nc3 e6 5. g3 Nbd7 6. Bg2 Be7 7. O-O O-O 8. Qc2
dxc4 9. Rd1 Nd5 10. e4 Nxc3 11. Qxc3 Nb6 12. Bf4 Bd7 13. Ne5 f6 14. Nxc4 Nxc4
15. Qxc4 Kh8 16. Rd2 Rc8 17. Rad1 Qb6 18. Bh3 c5 19. Qb3 Qa6 20. dxc5 Ba4 21.
Qxe6 Qxe6 22. Bxe6 Bxd1 23. Bxc8 Rxc8 24. Rxd1 Bxc5 25. Rd7 b5 26. e5 g5 27. Bd2
fxe5 28. Bxg5 Bd4 29. Bh6 Kg8 30. Rg7+ Kh8 31. Rg5 Rg8 32. b3 Rxg5 33. Bxg5 a6
34. Kg2 Kg7 35. Be3 Bc3 36. Kf3 Kf6 37. Ke4 Ke6 38. g4 Ba5 39. h4 Bd8 40. Bg5
Bb6 41. f3 a5 42. Be3 Bd8 43. h5 a4 44. Bh6 Bc7 45. Bg7 Bd6 46. Bh6 Bc7 47. g5
Bd8 48. g6 hxg6 49. hxg6 axb3 50. axb3 Bf6 51. g7 Kf7 52. Kf5 Bxg7 53. Bxg7 Kxg7
54. Kxe5 Kf7 55. Kd5 Kf6 56. Kc5 1-0

[Event "FSFMA December 2011"]
[Site "Budapest HUN"]
[Date "2011.12.04"]
[Round "2"]
[White "Farkas,R"]
[Black "Zala,G"]
[Result "1-0"]
[WhiteElo "2111"]
[BlackElo "1999"]
[WhiteFideId "703850"]
[BlackFideId "707058"]
[EventDate "2011.12.03"]

1. e4 g6 2. Bc4 Bg7 3. Nf3 d6 4. O-O e6 5. d4 Nd7 6. Nc3 Ne7 7. Be3 b6 8. Qd2 h6
9. Ne1 Bb7 10. f4 Nf6 11. d5 exd5 12. exd5 Nf5 13. Bb5+ Kf8 14. Bf2 Ng4 15. Nf3
Nxf2 16. Rxf2 a6 17. Bd3 Nh4 18. f5 Nxf3+ 19. Rxf3 g5 20. f6 Bxf6 21. Qf2 Bxc3
22. Rxf7+ Kg8 23. Qf5 Bd4+ 24. Kh1 Qf8 25. Rxf8+ Rxf8 26. Qe6+ 1-0

[Event "FSFMA December 2011"]
[Site "Budapest HUN"]
[Date "2011.12.05"]
[Round "3"]
[White "Zala,G"]
[Black "Dancs,Z"]
[Result "0-1"]
[WhiteElo "1999"]
[BlackElo "2114"]
[WhiteFideId "707058"]
[BlackFideId "707805"]
[EventDate "2011.12.03"]

1. e4 e6 2. a3 d5 3. e5 c5 4. b4 Nc6 5. f4 cxb4 6. axb4 Bxb4 7. c3 Be7 8. d4 Nh6
9. Bd3 Nf5 10. Nf3 Bd7 11. O-O h5 12. Ra2 Rc8 13. Re1 g6 14. Ng5 Na5 15. g4 hxg4
16. Qxg4 Bxg5 17. fxg5 Rh4 18. Qf3 Nxd4 19. cxd4 Rxc1 20. Qf1 Rxe1 21. Qxe1
Qxg5+ 22. Kh1 Qh5 23. Nc3 Qf3+ 0-1

[Event "FSFMA December 2011"]
[Site "Budapest HUN"]
[Date "2011.12.05"]
[Round "3"]
[White "Laza,S"]
[Black "Farkas,R"]
[Result "1-0"]
[WhiteElo "1869"]
[BlackElo "2111"]
[WhiteFideId "741345"]
[BlackFideId "703850"]
[EventDate "2011.12.03"]

1. d4 Nf6 2. c4 g6 3. Nc3 d5 4. e3 Bg7 5. Qb3 dxc4 6. Bxc4 O-O 7. Nge2 Nc6 8.
Qc2 b6 9. O-O Bb7 10. Nf4 e5 11. dxe5 Nxe5 12. Be2 Qe7 13. b3 c5 14. Bb2 Rad8
15. Rad1 Bc6 16. Bb5 Qc7 17. Bxc6 Qxc6 18. Nce2 Qe4 19. Qxe4 Nxe4 20. Nd5 Nd6
21. Bxe5 Bxe5 22. Ne7+ Kg7 23. Nc6 Bf6 24. Nxd8 Rxd8 25. Rd5 Be7 26. Rfd1 f5 27.
Nc3 Kf6 28. Nb5 Ke6 29. Nxa7 Ra8 30. Nc6 Bf8 31. a4 Rc8 32. Ne5 Ra8 33. Nf3 Nf7
34. g3 c4 35. Rb5 cxb3 36. Rxb6+ Bd6 37. Rd4 h6 38. Rxb3 g5 39. Rb6 g4 40. Nh4
Rc8 41. Rdxd6+ Nxd6 42. Nxf5 Kxf5 43. Rxd6 Ra8 44. Rd4 h5 45. Kg2 Ke5 46. Rf4
Ra5 47. h3 gxh3+ 48. Kxh3 Ke6 49. Kh4 Re5 50. Rb4 Ra5 51. g4 hxg4 52. Kxg4 Kf6
53. f4 Kg6 54. e4 Kf6 55. e5+ Kg6 56. Rc4 Ra6 57. f5+ Kf7 58. Kg5 1-0